| 000 | 00358nam a2200133 a 4500 | ||
|---|---|---|---|
| 001 | 4538 | ||
| 003 | CDMR | ||
| 005 | 20130116135257.0 | ||
| 008 | 130130s1916||||||||||||||||||||||||||||d | ||
| 040 |
_aCDMR _bcat _cCPC GIRONA |
||
| 245 | 0 | _aEstatutos del Montepio de la Asociación de Periodistas de Gerona | |
| 260 |
_c1916 _bDalmau Carles, Pla y Comp. |
||
| 942 | _cMON | ||
| 999 |
_c4538 _d4538 |
||